Hodnocení vědeckotechnického rozvoje z oblastních hledisek zpráva pro průběžné oponentní řízení úkolu SPEV 901 311 301

Na minha lista:
Detalhes bibliográficos
Formato: Livro
Idioma:tcheco
Publicado em: Ostrava Výzkumný ústav rozv. obl. a měst 1982
Tags: Adicionar Tag
Sem tags, seja o primeiro a adicionar uma tag!

MARC

LEADER 00000nam a2200000 4500
001 c131080
005 20221207065240.1
041 0 |a cze 
044 |a CZ 
245 1 0 |a Hodnocení vědeckotechnického rozvoje z oblastních hledisek  |b zpráva pro průběžné oponentní řízení úkolu SPEV 901 311 301 
264 1 |a Ostrava  |b Výzkumný ústav rozv. obl. a měst  |c 1982 
300 |a 82 s.